000 00531nam a2200181 i 4500
001 119272
003 ES-MaACL
005 20240312170615.0
007 t|
008 070214s1933 ec |||| | spa d
100 1 _aPérez Guerrero, Alfredo.
_990923
245 1 0 _aEtimología de la lengua castellana /
_cAlfredo Pérez Guerrero.
260 _aQuito (Ecuador) :
_bGutemberg,
_c1933.
300 _a318 p. ;
_c21 cm.
650 0 4 _aLengua española-
_xEtimología
_914156
852 _aES-MaACL
_jA-1661
999 _c119272
_d119272